| 000 | 00504nam a2200193 i 4500 | ||
|---|---|---|---|
| 001 | 00000000058659 | ||
| 003 | OSt | ||
| 005 | 20151118102841.0 | ||
| 008 | 020226s1956 espa j 001 spa d | ||
| 040 | _cBMC | ||
| 082 | _a862.3 | ||
| 100 | 1 |
_963 _aCervantes Saavedra, Miguel _d1547-1616 |
|
| 245 | 1 | 0 |
_aEntremeses _cMiguel de Cervantes |
| 260 |
_aBuenos Aires _bEspasa-Calpe Argentina _c1947 |
||
| 300 |
_a150 p. _c18 cm |
||
| 490 |
_aAustral _v686 |
||
| 650 | 2 | 4 |
_92144 _aTeatro espaƱol |
| 942 |
_2ddc _cBK |
||
| 999 |
_c514 _d514 |
||